000 00906nam a2200229Ia 4500
008 191130s1998##################000#0#eng##
020 _a8120613309
022 _a98909887
040 _aACL
_cACL
082 _a275.493 EME
100 _aTennent, James Emerson
245 _aChristianity in Ceylon : its introduction and progress under the Portuguese, the Dutch, the British, and American missions with an historical sketch of the Brahmanical and Buddhist superstitions
_cSIR JAMES EMERSON TENNENT
250 _aReprint
260 _aNew Delhi
_bAsian Educational Services
_c1998
300 _axv, 348 p. : ill. ; 23 cm
500 _aReprint. Originally published: London : J. Murray, 1850. Includes bibliographical references
650 _aChristianity - Sri Lanka
650 _aSri Lanka - Church history
990 _a4ecc9b32ac100b453ef7913d72b7006d
991 _a456514
999 _c129079
_d129079